| 000 | 01121cam a2200301 4500 | ||
|---|---|---|---|
| 999 |
_c128783 _d128783 |
||
| 001 | 3123862 | ||
| 003 | ARRUPE | ||
| 005 | 20190121121636.0 | ||
| 008 | 680301s1967 enkbf b 000 0 eng | ||
| 010 | _a 68080396 | ||
| 015 | _aB67-10979 | ||
| 040 |
_aDLC _cDLC _dDLC |
||
| 050 | _aSPC. DT434.E242 C5 | ||
| 082 | 0 | 0 | _a390 |
| 100 | 1 |
_aChampion, Arthur Mortimer. _944033 |
|
| 245 | 1 | 4 |
_aThe Agiryama of Kenya, _cby Arthur M. Champion; edited by John Middleton. |
| 260 |
_aLondon, _bRoyal Anthropological Institute, _c1967. |
||
| 300 |
_aviii, 56 p. _b5 plates (incl. map). _c25 cm. |
||
| 350 | _a30/- | ||
| 490 | 1 |
_aRoyal Anthropological Institute of Great Britain and Ireland. Occasional Papers, _vno. 25 |
|
| 504 | _aBibliography: p. 56. | ||
| 650 | 0 |
_aGiryama (African people) _931079 |
|
| 700 | 1 |
_aMiddleton, John, _d1921- _eed. _918313 |
|
| 830 | 0 |
_aOccasional paper (Royal Anthropological Institute of Great Britain and Ireland) ; _vno. 25. _944034 |
|
| 906 |
_a7 _bcbc _corignew _du _encip _f19 _gy-gencatlg |
||
| 942 |
_2lcc _cSPC |
||